Statistics for Geography Safe Cracker Challenge #2

Click here to take the quiz!

General Stats

  • This quiz has been taken 2,984 times
  • The average score is 20 of 48

Answer Stats

HintAnswer% Correct
Five Biggest CountriesRussia
100%
Five Biggest CountriesChina
99%
Five Biggest CountriesUnited States
99%
Five Biggest CountriesCanada
99%
Five Biggest CountriesBrazil
96%
Five Biggest Countries8ZY33
92%
Five World OceansPacific
92%
Five World OceansAtlantic
92%
Five World OceansIndian
91%
Five World OceansArctic
89%
Five World OceansE972D
87%
Five World OceansSouthern
87%
One-Syllable NationsSpain
67%
One-Syllable NationsFrance
65%
One-Syllable NationsChad
63%
One-Syllable NationsLaos
57%
One-Syllable NationsGreece
54%
One-Syllable Nations1R6RR
41%
Largest African CitiesCairo
38%
Largest African CitiesJohannesburg
35%
Largest African CitiesLagos
34%
American Great LakesKinshasa
30%
Nordic CountriesDenmark
23%
Nordic CountriesSweden
21%
Nordic CountriesFinland
21%
Nordic CountriesNorway
21%
Nordic CountriesIceland
21%
Nordic CountriesU1PW5
19%
Largest African CitiesUY518
18%
Pacific US StatesWashington
18%
Pacific US StatesOregon
18%
Pacific US StatesCalifornia
18%
Pacific US StatesHawaii
17%
Pacific US StatesAlaska
17%
Largest African CitiesLuanda
16%
American Great LakesHuron
16%
American Great LakesSuperior
16%
American Great LakesMichigan
16%
American Great LakesErie
16%
Pacific US States3L0FF
16%
American Great LakesOntario
15%
American Great Lakes83B8V
14%
"H" Capital CitiesHanoi
11%
"H" Capital CitiesHelsinki
10%
"H" Capital CitiesHarare
9%
"H" Capital CitiesHavana
8%
"H" Capital CitiesHoniara
6%
"H" Capital Cities6FESQ
4%

Score Distribution

Percentile by Number Answered

Percent of People with Each Score

Your Score History

You have not taken this quiz